| 000 | 01181nac a22002531u 4500 | ||
|---|---|---|---|
| 008 | 090728t xxu||||| |||| 00| 0 eng d | ||
| 010 | _a2004023053 | ||
| 020 | _a0198782632 (pbk.) | ||
| 035 | _a(OCoLC)ocm56632287 | ||
| 082 | 0 | 0 |
_a327.101 _bGLO |
| 245 | 0 | 4 |
_aThe globalization of world politics : _bAn introduction to international relations / _cEdited by John Baylis and Steve Smith |
| 250 | _a2nd ed. | ||
| 260 |
_aOxford : _bOxford University Press, _cc2001. |
||
| 300 |
_axxx, 690 p. : _c25 cm. |
||
| 504 | _aIncludes bibliographical references and index. | ||
| 650 | 0 |
_aInternational relations _vTextbooks. _98194 |
|
| 650 | 0 |
_aWorld politics _y1989- _vTextbooks. _98195 |
|
| 700 | 1 |
_aBaylis, John, _d1946- _98196 |
|
| 700 | 1 |
_aSmith, Steve, _d1952- _98197 |
|
| 856 | 4 | 1 |
_3Table of contents only _uhttp://www.loc.gov/catdir/toc/ecip051/2004023053.html |
| 856 | 4 | 1 |
_3Publisher description _uhttp://www.loc.gov |
| 942 |
_cBB _k327.101GLO _2ddc |
||
| 999 |
_c12447 _d12447 |
||